header

The quantum mechanical framework behind the end results of the general theory of relativity (Record no. 162494)

MARC details
000 -LEADER
fixed length control field 01432nam a2200349 a 4500
082 04 - DEWEY DECIMAL CLASSIFICATION NUMBER
Classification number 530.12
100 1# - MAIN ENTRY--AUTHOR NAME
Personal name Yarman, Tolga.
245 14 - TITLE STATEMENT
Title The quantum mechanical framework behind the end results of the general theory of relativity
260 ## - PUBLICATION, DISTRIBUTION, ETC. (IMPRINT)
Place of publication Hauppauge, N.Y. :
Name of publisher Nova Science Publishers,
Year of publication c2010.
300 ## - PHYSICAL DESCRIPTION
Number of Pages x, 63 p. :
Other physical details ill.
490 1# - SERIES STATEMENT
Series statement Physics research and technology
650 #0 - SUBJECT ADDED ENTRY--TOPICAL TERM
Topical Term Quantum theory.
Topical Term General relativity (Physics)
Topical Term Diatomic Molecules.
856 40 - ELECTRONIC LOCATION AND ACCESS
Uniform Resource Identifier http://site.ebrary.com/lib/rucke/Doc?id=10671432

No items available.

© 2026 Rongo University
Contact us: librarian | system librarian | Rongo university